| 000 | 00668nam a22002055a 4500 | ||
|---|---|---|---|
| 005 | 20150828144613.0 | ||
| 008 | 150727s2006 ck gr f000 0dspa d | ||
| 040 |
_aCO-BoIAVH _cCO-BoIAVH |
||
| 041 | 0 | _aspa | |
| 044 | _ack | ||
| 082 | 0 | 4 |
_a333.954 _bG56n |
| 100 | 1 | _aGómez Mejía, Alberto | |
| 245 | 1 | 0 |
_aNormativa sobre fauna silvestre de Colombia / _cAlberto Gómez Mejía. |
| 260 |
_aBogotá (Colombia): _bAuros Copias, _c2006. |
||
| 300 | _a176 p. | ||
| 650 | 6 |
_aFauna silvestre _xLegislación _zColombia |
|
| 650 | 6 |
_aFauna silvestre _xConservación _zColombia |
|
| 650 | 6 |
_aFauna silvestre _xManejo _zColombia |
|
| 942 |
_2ddc _cLIBRO |
||
| 999 |
_c17730 _d17730 |
||